[Event "French Blitz Championship"]
[Site "portmarly2022.ffechecs.org"]
[Date "2022.05.28"]
[Round "9"]
[White "Shchekachev, Andrei"]
[Black "Viennot, Dylan"]
[Result "1-0"]
[Board "5"]
[WhiteElo "2500"]
[WhiteTitle "GM"]
[WhiteCountry "FRA"]
[WhiteFideId "4107730"]
[WhiteEloChange "3"]
[BlackElo "2362"]
[BlackTitle "FM"]
[BlackCountry "FRA"]
[BlackFideId "676098"]
[BlackEloChange "-6"]

1. Nf3 {[%clk 0:05:04]} d5 {[%clk 0:05:05]} 2. d4 {[%clk 0:05:05]} e6 {[%clk
0:05:07]} 3. c4 {[%clk 0:05:06]} c5 {[%clk 0:05:08]} 4. cxd5 {[%clk 0:05:07]}
exd5 {[%clk 0:05:10]} 5. g3 {[%clk 0:05:09]} Nc6 {[%clk 0:05:12]} 6. Bg2 {[%clk
0:05:11]} cxd4 {[%clk 0:05:13]} 7. Nxd4 {[%clk 0:05:05]} Bc5 {[%clk 0:05:14]} 8.
Nxc6 {[%clk 0:04:33]} bxc6 {[%clk 0:05:15]} 9. Qc2 {[%clk 0:04:35]} Bb4+ {[%clk
0:04:24]} 10. Bd2 {[%clk 0:04:35]} Qb6 {[%clk 0:04:07]} 11. Bxb4 {[%clk 0:04:19]}
Qxb4+ {[%clk 0:04:09]} 12. Qc3 {[%clk 0:04:12]} Rb8 {[%clk 0:03:40]} 13. b3
{[%clk 0:03:57]} Ba6 {[%clk 0:03:17]} 14. Qxb4 {[%clk 0:03:57]} Rxb4 {[%clk
0:03:17]} 15. Nc3 {[%clk 0:03:33]} Ne7 {[%clk 0:03:16]} 16. Kd2 {[%clk 0:03:28]}
Kd7 {[%clk 0:03:16]} 17. Rhc1 {[%clk 0:03:24]} Kd6 {[%clk 0:03:03]} 18. Na4
{[%clk 0:03:15]} h5 {[%clk 0:02:32]} 19. h4 {[%clk 0:02:59]} Ng6 {[%clk 0:02:05]}
20. Nc5 {[%clk 0:02:49]} Bc8 {[%clk 0:02:07]} 21. Rc3 {[%clk 0:01:39]} Ne5 {[%clk
0:01:17]} 22. Rac1 {[%clk 0:01:35]} Bf5 {[%clk 0:00:57]} 23. f4 {[%clk 0:01:25]}
Nd7 {[%clk 0:00:45]} 24. e4 {[%clk 0:00:43]} dxe4 {[%clk 0:00:24]} 25. a3 {[%clk
0:00:45]} Rd4+ {[%clk 0:00:20]} 26. Ke3 {[%clk 0:00:46]} Rd5 {[%clk 0:00:13]} 27.
Nxe4+ {[%clk 0:00:47]} Bxe4 {[%clk 0:00:10]} 28. Rxc6+ {[%clk 0:00:48]} Ke7
{[%clk 0:00:12]} 29. Bxe4 {[%clk 0:00:50]} Rd6 {[%clk 0:00:11]} 30. Rc7 {[%clk
0:00:48]} Rb8 {[%clk 0:00:08]} 31. R1c3 {[%clk 0:00:45]} a6 {[%clk 0:00:09]} 32.
Bf5 {[%clk 0:00:44]} g6 {[%clk 0:00:10]} 33. Bxd7 {[%clk 0:00:38]} Rxd7 {[%clk
0:00:12]} 34. b4 {[%clk 0:00:40]} Rb6 {[%clk 0:00:11]} 35. R7c6 {[%clk 0:00:37]}
Rd6 {[%clk 0:00:13]} 36. Rxb6 {[%clk 0:00:39]} Rxb6 {[%clk 0:00:15]} 37. Rc5
{[%clk 0:00:40]} Rd6 {[%clk 0:00:13]} 38. Ke4 {[%clk 0:00:34]} Ke6 {[%clk
0:00:14]} 39. Re5+ {[%clk 0:00:35]} Kf6 {[%clk 0:00:16]} 40. Rd5 {[%clk 0:00:27]}
Rc6 {[%clk 0:00:16]} 41. Kd4 {[%clk 0:00:28]} Ke6 {[%clk 0:00:16]} 42. a4 {[%clk
0:00:24]} Rc1 {[%clk 0:00:16]} 43. Ra5 {[%clk 0:00:24]} Rc6 {[%clk 0:00:10]} 44.
b5 {[%clk 0:00:21]} axb5 {[%clk 0:00:10]} 45. axb5 {[%clk 0:00:22]} Rc1 {[%clk
0:00:13]} 46. b6 {[%clk 0:00:21]} Rb1 {[%clk 0:00:09]} 47. Kc5 {[%clk 0:00:22]}
Rc1+ {[%clk 0:00:07]} 48. Kb5 {[%clk 0:00:24]} Kf5 {[%clk 0:00:07]} 49. b7 {[%clk
0:00:21]} Rb1+ {[%clk 0:00:06]} 50. Kc6+ {[%clk 0:00:20]} Kg4 {[%clk 0:00:07]}
51. Rb5 {[%clk 0:00:21]} 1-0

[Event "French Blitz Championship"]
[Site "portmarly2022.ffechecs.org"]
[Date "2022.05.28"]
[Round "9"]
[White "Eden, James"]
[Black "Rakotomaharo, Fy Antenaina"]
[Result "1-0"]
[Board "6"]
[WhiteElo "2221"]
[WhiteTitle "IM"]
[WhiteCountry "FRA"]
[WhiteFideId "666491"]
[WhiteEloChange "16"]
[BlackElo "2473"]
[BlackTitle "IM"]
[BlackCountry "MAD"]
[BlackFideId "13100050"]
[BlackEloChange "-8"]

1. e4 {[%clk 0:05:03]} e5 {[%clk 0:05:05]} 2. Nf3 {[%clk 0:05:01]} Nc6 {[%clk
0:05:06]} 3. Bc4 {[%clk 0:04:55]} Bc5 {[%clk 0:05:07]} 4. c3 {[%clk 0:04:56]} Nf6
{[%clk 0:05:09]} 5. d3 {[%clk 0:04:57]} a5 {[%clk 0:05:10]} 6. a4 {[%clk
0:04:53]} d6 {[%clk 0:05:09]} 7. O-O {[%clk 0:04:49]} O-O {[%clk 0:05:06]} 8. h3
{[%clk 0:04:50]} h6 {[%clk 0:05:03]} 9. Re1 {[%clk 0:04:49]} Ba7 {[%clk 0:05:01]}
10. d4 {[%clk 0:04:22]} exd4 {[%clk 0:04:25]} 11. cxd4 {[%clk 0:04:22]} d5 {[%clk
0:04:27]} 12. exd5 {[%clk 0:04:15]} Nb4 {[%clk 0:04:17]} 13. Nc3 {[%clk 0:04:11]}
Nbxd5 {[%clk 0:04:17]} 14. Ne5 {[%clk 0:03:44]} c6 {[%clk 0:04:12]} 15. Be3
{[%clk 0:03:29]} Be6 {[%clk 0:04:04]} 16. Qf3 {[%clk 0:03:25]} Re8 {[%clk
0:02:55]} 17. Rad1 {[%clk 0:03:20]} Nxc3 {[%clk 0:02:42]} 18. bxc3 {[%clk
0:02:36]} Bxc4 {[%clk 0:02:40]} 19. Nxc4 {[%clk 0:02:36]} Qd5 {[%clk 0:01:10]}
20. Qxd5 {[%clk 0:02:13]} Nxd5 {[%clk 0:01:12]} 21. Nxa5 {[%clk 0:02:05]} Bxd4
{[%clk 0:00:33]} 22. Bxd4 {[%clk 0:01:43]} Rxe1+ {[%clk 0:00:35]} 23. Rxe1 {[%clk
0:01:45]} Rxa5 {[%clk 0:00:36]} 24. Re8+ {[%clk 0:01:41]} Kh7 {[%clk 0:00:37]}
25. Rb8 {[%clk 0:01:41]} Rxa4 {[%clk 0:00:32]} 26. Rxb7 {[%clk 0:01:41]} Kg6
{[%clk 0:00:32]} 27. Rd7 {[%clk 0:01:39]} Rc4 {[%clk 0:00:32]} 28. h4 {[%clk
0:01:12]} h5 {[%clk 0:00:31]} 29. g3 {[%clk 0:00:46]} Nxc3 {[%clk 0:00:25]} 30.
Kg2 {[%clk 0:00:46]} Nd5 {[%clk 0:00:26]} 31. Be5 {[%clk 0:00:32]} Rc2 {[%clk
0:00:26]} 32. Kf3 {[%clk 0:00:33]} f6 {[%clk 0:00:19]} 33. Bd4 {[%clk 0:00:34]}
Rc4 {[%clk 0:00:14]} 34. Ke4 {[%clk 0:00:29]} Ra4 {[%clk 0:00:07]} 35. Kd3 {[%clk
0:00:20]} Nb4+ {[%clk 0:00:07]} 36. Ke2 {[%clk 0:00:19]} Ra2+ {[%clk 0:00:08]}
37. Kf3 {[%clk 0:00:20]} Nd3 {[%clk 0:00:07]} 38. Bc3 {[%clk 0:00:11]} Ne5+
{[%clk 0:00:07]} 39. Bxe5 {[%clk 0:00:11]} fxe5 {[%clk 0:00:07]} 40. Ke4 {[%clk
0:00:11]} 1-0

[Event "French Blitz Championship"]
[Site "portmarly2022.ffechecs.org"]
[Date "2022.05.28"]
[Round "9"]
[White "Riff, Vincent"]
[Black "Bonte, Andrei-Mihai"]
[Result "1-0"]
[Board "7"]
[WhiteElo "2377"]
[WhiteTitle "FM"]
[WhiteCountry "FRA"]
[WhiteFideId "617776"]
[WhiteEloChange "5"]
[BlackElo "2192"]
[BlackCountry "ROU"]
[BlackFideId "1210297"]
[BlackEloChange "-5"]

1. Nc3 {[%clk 0:05:05]} d5 {[%clk 0:05:02]} 2. e4 {[%clk 0:05:07]} dxe4 {[%clk
0:05:04]} 3. Nxe4 {[%clk 0:05:08]} Bf5 {[%clk 0:04:58]} 4. Ng3 {[%clk 0:05:10]}
Bg6 {[%clk 0:05:00]} 5. Nf3 {[%clk 0:05:11]} Nf6 {[%clk 0:04:19]} 6. h4 {[%clk
0:05:04]} Nh5 {[%clk 0:04:12]} 7. Ne2 {[%clk 0:04:50]} Nc6 {[%clk 0:03:07]} 8. d3
{[%clk 0:04:52]} Qd7 {[%clk 0:02:55]} 9. Be3 {[%clk 0:04:42]} e5 {[%clk 0:02:37]}
10. a3 {[%clk 0:03:05]} h6 {[%clk 0:02:38]} 11. Qd2 {[%clk 0:03:01]} f5 {[%clk
0:02:22]} 12. Qc3 {[%clk 0:02:46]} Bd6 {[%clk 0:01:54]} 13. O-O-O {[%clk
0:02:46]} Nf6 {[%clk 0:01:19]} 14. d4 {[%clk 0:02:32]} exd4 {[%clk 0:00:49]} 15.
Nexd4 {[%clk 0:02:31]} Nd5 {[%clk 0:00:42]} 16. Qb3 {[%clk 0:02:30]} Nxe3 {[%clk
0:00:42]} 17. Qxe3+ {[%clk 0:02:31]} Qe7 {[%clk 0:00:34]} 18. Qxe7+ {[%clk
0:02:29]} Nxe7 {[%clk 0:00:35]} 19. Bc4 {[%clk 0:02:22]} Bf7 {[%clk 0:00:27]} 20.
Bd3 {[%clk 0:02:15]} g6 {[%clk 0:00:17]} 21. h5 {[%clk 0:02:18]} Kf8 {[%clk
0:00:08]} 22. hxg6 {[%clk 0:02:17]} Bxg6 {[%clk 0:00:10]} 23. Nh4 {[%clk
0:02:19]} Kg7 {[%clk 0:00:12]} 24. Nxg6 {[%clk 0:02:17]} Kxg6 {[%clk 0:00:12]}
25. g4 {[%clk 0:02:17]} Kf6 {[%clk 0:00:13]} 26. Bxf5 {[%clk 0:02:13]} Nxf5
{[%clk 0:00:09]} 27. Nxf5 {[%clk 0:02:15]} Bf4+ {[%clk 0:00:11]} 28. Kb1 {[%clk
0:02:17]} h5 {[%clk 0:00:12]} 29. f3 {[%clk 0:02:15]} Rag8 {[%clk 0:00:12]} 30.
Rhf1 {[%clk 0:01:28]} hxg4 {[%clk 0:00:08]} 31. fxg4 {[%clk 0:01:30]} Rxg4 {[%clk
0:00:09]} 32. Ne3 {[%clk 0:01:31]} Rgh4 {[%clk 0:00:08]} 33. Ng2 {[%clk 0:01:33]}
Kg5 {[%clk 0:00:04]} 34. Rd5+ {[%clk 0:01:33]} Kg4 {[%clk 0:00:04]} 1-0

[Event "French Blitz Championship"]
[Site "portmarly2022.ffechecs.org"]
[Date "2022.05.28"]
[Round "9"]
[White "Bournel, Antoine"]
[Black "Brunner, Nicolas"]
[Result "1-0"]
[Board "8"]
[WhiteElo "2096"]
[WhiteTitle "FM"]
[WhiteCountry "FRA"]
[WhiteFideId "26093553"]
[WhiteEloChange "17"]
[BlackElo "2372"]
[BlackTitle "IM"]
[BlackCountry "FRA"]
[BlackFideId "620246"]
[BlackEloChange "-17"]

1. d4 {[%clk 0:05:03]} d5 {[%clk 0:05:06]} 2. c4 {[%clk 0:05:05]} e6 {[%clk
0:05:08]} 3. Nf3 {[%clk 0:05:05]} Nf6 {[%clk 0:05:08]} 4. Nc3 {[%clk 0:05:09]} c6
{[%clk 0:05:13]} 5. cxd5 {[%clk 0:04:58]} exd5 {[%clk 0:05:14]} 6. Bg5 {[%clk
0:04:58]} Be7 {[%clk 0:05:16]} 7. e3 {[%clk 0:04:58]} Bf5 {[%clk 0:05:16]} 8. Bd3
{[%clk 0:04:59]} Bxd3 {[%clk 0:05:18]} 9. Qxd3 {[%clk 0:05:00]} Nbd7 {[%clk
0:05:16]} 10. O-O {[%clk 0:04:59]} O-O {[%clk 0:05:17]} 11. Rab1 {[%clk 0:04:44]}
a5 {[%clk 0:05:19]} 12. Nd2 {[%clk 0:04:36]} Re8 {[%clk 0:05:14]} 13. h3 {[%clk
0:04:31]} Ne4 {[%clk 0:04:37]} 14. Bf4 {[%clk 0:04:23]} Nd6 {[%clk 0:03:44]} 15.
Rfe1 {[%clk 0:04:16]} Bf8 {[%clk 0:03:42]} 16. Bxd6 {[%clk 0:03:25]} Bxd6 {[%clk
0:03:43]} 17. e4 {[%clk 0:03:26]} dxe4 {[%clk 0:03:45]} 18. Ndxe4 {[%clk
0:03:26]} Bf8 {[%clk 0:03:27]} 19. d5 {[%clk 0:03:05]} Ne5 {[%clk 0:03:10]} 20.
Qg3 {[%clk 0:02:54]} cxd5 {[%clk 0:02:55]} 21. Nxd5 {[%clk 0:02:52]} Ng6 {[%clk
0:01:30]} 22. Nef6+ {[%clk 0:02:34]} gxf6 {[%clk 0:01:24]} 23. Rxe8 {[%clk
0:02:36]} Qxd5 {[%clk 0:00:50]} 24. Rxa8 {[%clk 0:02:37]} Qxa2 {[%clk 0:00:51]}
25. Qd3 {[%clk 0:02:03]} Ne5 {[%clk 0:00:47]} 26. Qe4 {[%clk 0:01:55]} Kg7 {[%clk
0:00:41]} 27. f4 {[%clk 0:01:38]} Nc4 {[%clk 0:00:30]} 28. Re1 {[%clk 0:01:19]}
Bb4 {[%clk 0:00:22]} 29. Rd1 {[%clk 0:00:41]} Bc5+ {[%clk 0:00:17]} 30. Kh2
{[%clk 0:00:40]} Ne3 {[%clk 0:00:16]} 31. Re1 {[%clk 0:00:26]} Qb3 {[%clk
0:00:09]} 32. Qf3 {[%clk 0:00:16]} f5 {[%clk 0:00:06]} 33. Qg3+ {[%clk 0:00:15]}
Kh6 {[%clk 0:00:06]} 34. Qg5# {[%clk 0:00:15]} 1-0

[Event "French Blitz Championship"]
[Site "portmarly2022.ffechecs.org"]
[Date "2022.05.28"]
[Round "10"]
[White "Guliyev, Namig"]
[Black "Sochacki, Christophe"]
[Result "1-0"]
[Board "1"]
[WhiteElo "2487"]
[WhiteTitle "GM"]
[WhiteCountry "AZE"]
[WhiteFideId "13400363"]
[WhiteEloChange "5"]
[BlackElo "2480"]
[BlackTitle "GM"]
[BlackCountry "FRA"]
[BlackFideId "662569"]
[BlackEloChange "-5"]

1. e4 {[%clk 0:05:03]} c5 {[%clk 0:05:03]} 2. Nf3 {[%clk 0:05:03]} e6 {[%clk
0:05:03]} 3. d4 {[%clk 0:05:03]} cxd4 {[%clk 0:05:03]} 4. Nxd4 {[%clk 0:05:03]}
Nc6 {[%clk 0:05:03]} 5. Nb5 {[%clk 0:05:03]} d6 {[%clk 0:05:03]} 6. c4 {[%clk
0:05:03]} Nf6 {[%clk 0:05:03]} 7. N1c3 {[%clk 0:05:03]} a6 {[%clk 0:05:03]} 8.
Nd4 {[%clk 0:05:03]} Qa5 {[%clk 0:05:03]} 9. Nb3 {[%clk 0:05:03]} Qc7 {[%clk
0:05:03]} 10. Be3 {[%clk 0:05:03]} Be7 {[%clk 0:05:03]} 11. Be2 {[%clk 0:05:03]}
b6 {[%clk 0:05:03]} 12. Rc1 {[%clk 0:05:03]} Bb7 {[%clk 0:05:03]} 13. Nd5 {[%clk
0:05:03]} exd5 {[%clk 0:05:03]} 14. cxd5 {[%clk 0:05:03]} Qd7 {[%clk 0:05:03]}
15. dxc6 {[%clk 0:05:03]} Bxc6 {[%clk 0:05:03]} 16. f3 {[%clk 0:05:03]} b5 {[%clk
0:05:03]} 17. Nd4 {[%clk 0:05:03]} Rc8 {[%clk 0:05:03]} 18. Nxc6 {[%clk 0:05:03]}
Rxc6 {[%clk 0:05:03]} 19. Rxc6 {[%clk 0:05:03]} Qxc6 {[%clk 0:05:03]} 20. O-O
{[%clk 0:05:03]} d5 {[%clk 0:05:03]} 21. Qc1 {[%clk 0:05:03]} Qxc1 {[%clk
0:05:03]} 22. Rxc1 {[%clk 0:05:03]} dxe4 {[%clk 0:05:03]} 23. Rc8+ {[%clk
0:05:03]} Bd8 {[%clk 0:05:03]} 24. Ra8 {[%clk 0:05:03]} Nd5 {[%clk 0:05:03]} 25.
Bd4 {[%clk 0:05:03]} Nc7 {[%clk 0:05:03]} 26. Ra7 {[%clk 0:05:03]} f6 {[%clk
0:05:03]} 27. fxe4 {[%clk 0:05:03]} Kd7 {[%clk 0:05:03]} 28. e5 {[%clk 0:05:03]}
fxe5 {[%clk 0:05:03]} 29. Bxe5 {[%clk 0:05:03]} Re8 {[%clk 0:05:03]} 30. Bg4+
{[%clk 0:05:03]} Kc6 {[%clk 0:05:03]} 31. Bf3+ {[%clk 0:05:03]} Kd7 {[%clk
0:05:03]} 32. Bxg7 {[%clk 0:05:03]} Re1+ {[%clk 0:05:03]} 33. Kf2 {[%clk
0:05:03]} Ra1 {[%clk 0:05:03]} 34. a3 {[%clk 0:05:03]} Be7 {[%clk 0:05:03]} 35.
Bd4 {[%clk 0:05:03]} Rb1 {[%clk 0:05:03]} 36. Ke2 {[%clk 0:05:03]} Bd6 {[%clk
0:05:03]} 37. Rb7 {[%clk 0:05:03]} Bxh2 {[%clk 0:05:03]} 38. Rb6 {[%clk 0:05:03]}
Bd6 {[%clk 0:05:03]} 39. Bg4+ {[%clk 0:05:03]} Ke7 {[%clk 0:05:03]} 40. Rc6
{[%clk 0:05:03]} Nd5 {[%clk 0:05:03]} 41. Rxa6 {[%clk 0:05:03]} Nf4+ {[%clk
0:05:03]} 42. Kf3 {[%clk 0:05:03]} Rf1+ {[%clk 0:05:03]} 43. Ke4 {[%clk 0:05:03]}
Nxg2 {[%clk 0:05:03]} 44. Ra7+ {[%clk 0:05:03]} Kf8 {[%clk 0:05:03]} 45. Kd5
{[%clk 0:05:03]} Be7 {[%clk 0:05:03]} 46. Ra8+ {[%clk 0:05:03]} Kf7 {[%clk
0:05:03]} 47. Be6+ {[%clk 0:05:03]} Kg6 {[%clk 0:05:03]} 48. Rg8+ {[%clk
0:05:03]} Kh6 {[%clk 0:05:03]} 49. Rxg2 {[%clk 0:05:03]} Rd1 {[%clk 0:05:03]} 50.
Ke4 {[%clk 0:05:03]} Bg5 {[%clk 0:05:03]} 51. Rh2+ {[%clk 0:05:03]} Kg6 {[%clk
0:05:03]} 52. Bf5+ {[%clk 0:05:03]} Kf7 {[%clk 0:05:03]} 53. Rxh7+ {[%clk
0:05:03]} Ke8 {[%clk 0:05:03]} 54. Bd7+ {[%clk 0:05:03]} Kf8 {[%clk 0:05:03]} 55.
Bxb5 {[%clk 0:05:03]} Kg8 {[%clk 0:05:03]} 56. Rh8+ {[%clk 0:05:03]} Kf7 {[%clk
0:05:03]} 57. Bc4+ {[%clk 0:05:03]} Kg6 {[%clk 0:05:03]} 58. Rg8+ {[%clk
0:05:03]} Kh6 {[%clk 0:05:03]} 59. Bf7 {[%clk 0:05:03]} Bf6 {[%clk 0:05:03]} 60.
Rg6+ {[%clk 0:05:03]} Kh7 {[%clk 0:05:03]} 61. Rxf6 {[%clk 0:05:03]} 1-0

[Event "French Blitz Championship"]
[Site "portmarly2022.ffechecs.org"]
[Date "2022.05.28"]
[Round "10"]
[White "Lagarde, Maxime"]
[Black "Shchekachev, Andrei"]
[Result "0-1"]
[Board "2"]
[WhiteElo "2622"]
[WhiteTitle "GM"]
[WhiteCountry "FRA"]
[WhiteFideId "662399"]
[WhiteEloChange "-7"]
[BlackElo "2500"]
[BlackTitle "GM"]
[BlackCountry "FRA"]
[BlackFideId "4107730"]
[BlackEloChange "7"]

1. e4 {[%clk 0:05:05]} g6 {[%clk 0:05:04]} 2. d4 {[%clk 0:05:06]} Bg7 {[%clk
0:05:05]} 3. Nc3 {[%clk 0:05:08]} c6 {[%clk 0:05:06]} 4. f4 {[%clk 0:05:01]} Qb6
{[%clk 0:05:07]} 5. Nf3 {[%clk 0:04:50]} d5 {[%clk 0:05:08]} 6. e5 {[%clk
0:04:24]} Bg4 {[%clk 0:05:08]} 7. Be2 {[%clk 0:04:09]} Nh6 {[%clk 0:05:07]} 8.
Na4 {[%clk 0:03:18]} Qa5+ {[%clk 0:04:41]} 9. c3 {[%clk 0:03:17]} Nd7 {[%clk
0:04:32]} 10. O-O {[%clk 0:02:36]} e6 {[%clk 0:04:23]} 11. Be3 {[%clk 0:02:29]}
Nf5 {[%clk 0:04:21]} 12. Bf2 {[%clk 0:02:30]} h5 {[%clk 0:04:15]} 13. b4 {[%clk
0:02:17]} Qc7 {[%clk 0:04:14]} 14. Nb2 {[%clk 0:01:59]} a5 {[%clk 0:03:37]} 15.
a4 {[%clk 0:01:55]} Bf8 {[%clk 0:03:30]} 16. Nd3 {[%clk 0:01:55]} Bxf3 {[%clk
0:03:17]} 17. Bxf3 {[%clk 0:01:57]} Be7 {[%clk 0:03:14]} 18. g3 {[%clk 0:01:52]}
Nb6 {[%clk 0:03:06]} 19. Qb3 {[%clk 0:01:21]} Nc4 {[%clk 0:02:59]} 20. Ra2 {[%clk
0:01:08]} Kf8 {[%clk 0:02:46]} 21. Re1 {[%clk 0:01:05]} Kg7 {[%clk 0:02:37]} 22.
Ree2 {[%clk 0:01:07]} Ra7 {[%clk 0:01:57]} 23. b5 {[%clk 0:01:06]} cxb5 {[%clk
0:01:49]} 24. Qxb5 {[%clk 0:01:06]} Rc8 {[%clk 0:01:41]} 25. Rec2 {[%clk
0:00:54]} Ra6 {[%clk 0:01:28]} 26. Qb1 {[%clk 0:00:51]} Rb6 {[%clk 0:01:22]} 27.
Qc1 {[%clk 0:00:52]} Rb3 {[%clk 0:01:08]} 28. Nc5 {[%clk 0:00:43]} Bxc5 {[%clk
0:00:54]} 29. dxc5 {[%clk 0:00:45]} b6 {[%clk 0:00:56]} 0-1

[Event "French Blitz Championship"]
[Site "portmarly2022.ffechecs.org"]
[Date "2022.05.28"]
[Round "10"]
[White "Dionisi, Thomas"]
[Black "Riff, Vincent"]
[Result "1-0"]
[Board "3"]
[WhiteElo "2326"]
[WhiteTitle "IM"]
[WhiteCountry "FRA"]
[WhiteFideId "651893"]
[WhiteEloChange "11"]
[BlackElo "2377"]
[BlackTitle "FM"]
[BlackCountry "FRA"]
[BlackFideId "617776"]
[BlackEloChange "-11"]

1. e4 {[%clk 0:05:03]} c5 {[%clk 0:05:03]} 2. Nf3 {[%clk 0:05:03]} Nc6 {[%clk
0:05:03]} 3. Bb5 {[%clk 0:05:05]} d6 {[%clk 0:05:09]} 4. O-O {[%clk 0:05:05]} Bd7
{[%clk 0:05:09]} 5. Re1 {[%clk 0:05:03]} Nf6 {[%clk 0:05:14]} 6. c3 {[%clk
0:05:02]} a6 {[%clk 0:05:16]} 7. Bf1 {[%clk 0:05:04]} Bg4 {[%clk 0:05:18]} 8. h3
{[%clk 0:04:54]} Bxf3 {[%clk 0:05:18]} 9. Qxf3 {[%clk 0:04:56]} g6 {[%clk
0:05:21]} 10. d3 {[%clk 0:04:52]} Bg7 {[%clk 0:05:22]} 11. Be3 {[%clk 0:04:53]}
O-O {[%clk 0:05:23]} 12. Nd2 {[%clk 0:04:54]} Nd7 {[%clk 0:05:10]} 13. Qe2 {[%clk
0:04:52]} b5 {[%clk 0:05:03]} 14. Nf3 {[%clk 0:04:51]} e5 {[%clk 0:04:50]} 15.
Rad1 {[%clk 0:04:21]} Qe7 {[%clk 0:04:46]} 16. Qd2 {[%clk 0:03:41]} Rfe8 {[%clk
0:04:36]} 17. d4 {[%clk 0:03:34]} Rad8 {[%clk 0:04:29]} 18. a4 {[%clk 0:03:12]}
bxa4 {[%clk 0:04:05]} 19. Bxa6 {[%clk 0:02:41]} cxd4 {[%clk 0:03:25]} 20. cxd4
{[%clk 0:02:42]} Rb8 {[%clk 0:03:27]} 21. Bc4 {[%clk 0:01:49]} exd4 {[%clk
0:03:23]} 22. Nxd4 {[%clk 0:01:51]} Nxd4 {[%clk 0:03:14]} 23. Bxd4 {[%clk
0:01:53]} Ne5 {[%clk 0:03:16]} 24. Bd5 {[%clk 0:01:49]} Qh4 {[%clk 0:03:03]} 25.
Qc3 {[%clk 0:00:59]} Rec8 {[%clk 0:02:53]} 26. Qa3 {[%clk 0:01:02]} Rc2 {[%clk
0:02:27]} 27. Qxa4 {[%clk 0:00:43]} Rbc8 {[%clk 0:02:27]} 28. b3 {[%clk 0:00:25]}
Qf4 {[%clk 0:02:00]} 29. Be3 {[%clk 0:00:17]} Qh4 {[%clk 0:02:02]} 30. Qa7 {[%clk
0:00:14]} R2c7 {[%clk 0:01:57]} 31. Qb6 {[%clk 0:00:16]} Bf8 {[%clk 0:01:28]} 32.
b4 {[%clk 0:00:06]} Nc4 {[%clk 0:01:03]} 33. Bxc4 {[%clk 0:00:07]} Rxc4 {[%clk
0:01:05]} 34. b5 {[%clk 0:00:05]} Qh5 {[%clk 0:01:00]} 35. Rd5 {[%clk 0:00:05]}
Qh4 {[%clk 0:00:59]} 36. Rd4 {[%clk 0:00:05]} Rc2 {[%clk 0:00:58]} 37. Red1
{[%clk 0:00:06]} Bh6 {[%clk 0:00:54]} 38. R4d2 {[%clk 0:00:05]} Bxe3 {[%clk
0:00:45]} 39. Qxe3 {[%clk 0:00:05]} Qh5 {[%clk 0:00:45]} 40. b6 {[%clk 0:00:05]}
Qb5 {[%clk 0:00:46]} 41. Rxd6 {[%clk 0:00:06]} Rb2 {[%clk 0:00:37]} 42. Qd4
{[%clk 0:00:06]} Qe2 {[%clk 0:00:31]} 43. Qf6 {[%clk 0:00:07]} Re8 {[%clk
0:00:05]} 44. Rd8 {[%clk 0:00:08]} Qxe4 {[%clk 0:00:07]} 45. Rxe8+ {[%clk
0:00:10]} Qxe8 {[%clk 0:00:09]} 46. Rd8 {[%clk 0:00:10]} 1-0

[Event "French Blitz Championship"]
[Site "portmarly2022.ffechecs.org"]
[Date "2022.05.28"]
[Round "10"]
[White "Eden, James"]
[Black "Fantinel, Thibault"]
[Result "1-0"]
[Board "4"]
[WhiteElo "2221"]
[WhiteTitle "IM"]
[WhiteCountry "FRA"]
[WhiteFideId "666491"]
[WhiteEloChange "14"]
[BlackElo "2349"]
[BlackTitle "IM"]
[BlackCountry "FRA"]
[BlackFideId "663395"]
[BlackEloChange "-14"]

1. e4 {[%clk 0:05:03]} c5 {[%clk 0:05:05]} 2. Nf3 {[%clk 0:05:02]} e6 {[%clk
0:05:05]} 3. c3 {[%clk 0:04:55]} Nf6 {[%clk 0:05:05]} 4. e5 {[%clk 0:04:55]} Nd5
{[%clk 0:05:06]} 5. d4 {[%clk 0:04:56]} cxd4 {[%clk 0:05:06]} 6. cxd4 {[%clk
0:04:57]} d6 {[%clk 0:05:07]} 7. Bc4 {[%clk 0:04:58]} Be7 {[%clk 0:05:09]} 8. O-O
{[%clk 0:04:57]} O-O {[%clk 0:05:09]} 9. Qe2 {[%clk 0:04:58]} b6 {[%clk 0:05:10]}
10. Bxd5 {[%clk 0:04:42]} exd5 {[%clk 0:05:11]} 11. Nc3 {[%clk 0:04:36]} Ba6
{[%clk 0:04:02]} 12. Nb5 {[%clk 0:04:36]} Nc6 {[%clk 0:03:55]} 13. a4 {[%clk
0:04:28]} Re8 {[%clk 0:03:40]} 14. Bf4 {[%clk 0:04:01]} dxe5 {[%clk 0:03:34]} 15.
dxe5 {[%clk 0:03:49]} Qd7 {[%clk 0:03:21]} 16. Rfd1 {[%clk 0:03:37]} Bc5 {[%clk
0:02:57]} 17. Qd2 {[%clk 0:03:26]} Bxb5 {[%clk 0:02:25]} 18. axb5 {[%clk
0:03:26]} Nb4 {[%clk 0:02:25]} 19. Nd4 {[%clk 0:02:39]} Rac8 {[%clk 0:01:21]} 20.
Ra4 {[%clk 0:02:13]} a5 {[%clk 0:00:53]} 21. Qe2 {[%clk 0:00:50]} Bxd4 {[%clk
0:00:27]} 22. Rxd4 {[%clk 0:00:50]} Qf5 {[%clk 0:00:27]} 23. g4 {[%clk 0:00:31]}
Qc2 {[%clk 0:00:12]} 24. Qxc2 {[%clk 0:00:26]} Rxc2 {[%clk 0:00:14]} 25. Rd2
{[%clk 0:00:23]} Rec8 {[%clk 0:00:15]} 26. Ra1 {[%clk 0:00:22]} h6 {[%clk
0:00:11]} 27. Rad1 {[%clk 0:00:21]} R8c5 {[%clk 0:00:10]} 28. Rxc2 {[%clk
0:00:17]} Rxc2 {[%clk 0:00:11]} 29. Be3 {[%clk 0:00:15]} Rxb2 {[%clk 0:00:07]}
30. Bxb6 {[%clk 0:00:16]} a4 {[%clk 0:00:08]} 31. Bd4 {[%clk 0:00:18]} Rb3 {[%clk
0:00:07]} 32. b6 {[%clk 0:00:13]} a3 {[%clk 0:00:07]} 33. b7 {[%clk 0:00:09]} Nc2
{[%clk 0:00:09]} 34. Rc1 {[%clk 0:00:05]} Nxd4 {[%clk 0:00:04]} 35. Rc8+ {[%clk
0:00:06]} Kh7 {[%clk 0:00:06]} 36. b8=Q {[%clk 0:00:08]} Rxb8 {[%clk 0:00:08]}
37. Rxb8 {[%clk 0:00:09]} Nf3+ {[%clk 0:00:10]} 38. Kg2 {[%clk 0:00:09]} Nxe5
{[%clk 0:00:10]} 39. Kg3 {[%clk 0:00:07]} Nc4 {[%clk 0:00:07]} 40. Ra8 {[%clk
0:00:06]} Kg6 {[%clk 0:00:09]} 41. f4 {[%clk 0:00:07]} Kf6 {[%clk 0:00:09]} 42.
Kf3 {[%clk 0:00:09]} Ke6 {[%clk 0:00:10]} 43. Ke2 {[%clk 0:00:10]} g6 {[%clk
0:00:10]} 44. Kd3 {[%clk 0:00:11]} Kf6 {[%clk 0:00:09]} 45. Kd4 {[%clk 0:00:12]}
h5 {[%clk 0:00:11]} 46. h3 {[%clk 0:00:12]} hxg4 {[%clk 0:00:13]} 47. hxg4 {[%clk
0:00:14]} Ke6 {[%clk 0:00:06]} 48. Ra6+ {[%clk 0:00:15]} Ke7 {[%clk 0:00:04]} 49.
g5 {[%clk 0:00:16]} Nd6 {[%clk 0:00:04]} 50. Kxd5 {[%clk 0:00:15]} Nb5 {[%clk
0:00:05]} 51. Kc5 {[%clk 0:00:15]} Nc3 {[%clk 0:00:07]} 52. Rxa3 {[%clk 0:00:15]}
Ne4+ {[%clk 0:00:09]} 53. Kd5 {[%clk 0:00:16]} Nf2 {[%clk 0:00:09]} 54. Ra7+
{[%clk 0:00:16]} Kf8 {[%clk 0:00:11]} 55. Ke5 {[%clk 0:00:17]} Kg7 {[%clk
0:00:13]} 56. Kd6 {[%clk 0:00:17]} Nd3 {[%clk 0:00:13]} 57. Ra4 {[%clk 0:00:16]}
Kf8 {[%clk 0:00:13]} 58. Rd4 {[%clk 0:00:17]} Nf2 {[%clk 0:00:15]} 59. Kd7 {[%clk
0:00:17]} Ng4 {[%clk 0:00:16]} 60. Re4 {[%clk 0:00:16]} Kg7 {[%clk 0:00:10]} 61.
Ke8 {[%clk 0:00:17]} f6 {[%clk 0:00:06]} 62. Re7+ {[%clk 0:00:12]} Kg8 {[%clk
0:00:09]} 63. Re6 {[%clk 0:00:08]} 1-0